000 00455nam a22001817a 4500
003 CEME
005 20210628201854.0
008 210208b xxu||||| |||| 00| 0 eng d
020 _a81-203-1745-9
040 _c.
082 _a621.3815 KUM
100 _aKumar, A.Anand
_957201
245 _aFundamentals of digital circuits
260 _aNEW DELHI
_bPRENTICE HALL
_c2004
300 _aXV,664P
650 _aDIGITAL CIRCUITS
_957202
942 _cBK
_2ddc
999 _c567492
_d567492